000 00205 a2200097 4500
020 _a9781546176541
041 _aspa
100 _aPilkey, Dav
245 _aJuan el Grande, El Comienzo
942 _cLibros/Book
999 _c31979
_d31977